[Event "Heart of Finland op 28th"]
[Site "Jyvaskyla"]
[Date "2018.07.16"]
[Round "1"]
[White "Alho, Sauli"]
[Black "Penttila, Tero"]
[Result "1/2-1/2"]
[WhiteElo "2158"]
[BlackElo "1998"]
[PlyCount "71"]
[EventDate "2018.07.16"]
[EventType "swiss"]
[EventRounds "9"]
[EventCountry "FIN"]
[SourceTitle "EXT 2021"]
[Source "ChessBase"]
[SourceDate "2020.10.23"]
[SourceVersion "1"]
[SourceVersionDate "2020.10.23"]
[SourceQuality "1"]

1. Nf3 Nf6 2. d4 e6 3. Bg5 h6 4. Bh4 Be7 5. e3 b6 6. Bd3 Bb7 7. 0-0 c5 8. c3 Nc6 9. Nbd2 0-0 10. Qe2 d6 11. Rad1 Re8 12. e4 cxd4 13. Nxd4 Nd7 14. Bxe7 Qxe7 15. Nb5 Nc5 16. Bc2 a6 17. Nd4 Nd7 18. N2b3 d5 19. exd5 Nxd4 20. Nxd4 Bxd5 21. Rfe1 Qg5 22. Nf3 Qf6 23. Be4 Bxe4 24. Qxe4 Nc5 25. Qe2 Red8 26. Rxd8+ Rxd8 27. b4 Na4 28. Qxa6 Nxc3 29. Qxb6 Nxa2 30. b5 Nc3 31. Qc6 Nd5 32. Ne5 Qe7 33. b6 Qb4 34. Rd1 Qb3 35. Qc1 Qxb6 36. h3 1/2-1/2

[Event "Hamina We Bastion A"]
[Site "Hamina"]
[Date "2017.09.24"]
[Round "4"]
[White "Puuska, Heini"]
[Black "Penttila, Tero"]
[Result "1/2-1/2"]
[WhiteElo "1960"]
[BlackElo "1987"]
[PlyCount "26"]
[EventDate "2017.09.23"]
[EventType "swiss"]
[EventRounds "5"]
[EventCountry "FIN"]
[SourceTitle "EXT 2022"]
[Source "ChessBase"]
[SourceDate "2021.10.06"]
[SourceVersion "1"]
[SourceVersionDate "2021.10.06"]
[SourceQuality "1"]

1. d4 e6 2. Nf3 Nf6 3. e3 c5 4. Bd3 b6 5. 0-0 Bb7 6. b3 Be7 7. Bb2 0-0 8. Nbd2 d6 9. e4 cxd4 10. Nxd4 Nc6 11. Nxc6 Bxc6 12. Qe2 e5 13. Bb5 Bb7 1/2-1/2

[Event "Heart of Finland op 27th"]
[Site "Jyvaskyla"]
[Date "2017.07.18"]
[Round "3"]
[White "Penttila, Tero"]
[Black "Moiseenko, Vadim"]
[Result "0-1"]
[WhiteElo "1969"]
[BlackElo "2548"]
[PlyCount "90"]
[EventDate "2017.07.17"]
[EventType "swiss"]
[EventRounds "9"]
[EventCountry "FIN"]
[SourceTitle "CBM 179 Extra"]
[Source "ChessBase"]
[SourceDate "2017.08.23"]
[SourceVersion "1"]
[SourceVersionDate "2017.08.23"]
[SourceQuality "1"]

1. e4 c6 2. d4 d5 3. f3 dxe4 4. fxe4 e5 5. Nf3 Bg4 6. Bc4 Nd7 7. 0-0 Ngf6 8. c3 Bh5 9. Bd3 Bd6 10. Nbd2 b5 11. Qe1 Qc7 12. Kh1 0-0 13. Qh4 Bg6 14. Re1 Rfe8 15. Nf1 Re7 16. Bg5 Rae8 17. N1d2 h6 18. Bxf6 Nxf6 19. Re2 a6 20. Rae1 c5 21. dxe5 Bxe5 22. Nxe5 Rxe5 23. h3 Rh5 24. Qf2 Ng4 25. Qg1 Rd8 26. Bb1 Ne5 27. Qh2 Qe7 28. Nf1 Qe6 29. Qf4 Nc6 30. Ng3 Re5 31. Qf3 Re8 32. Nf5 Bxf5 33. exf5 Rxe2 34. fxe6 Rxe1+ 35. Kh2 R8xe6 36. Bf5 Rf6 37. Qg3 Re2 38. Qc7 g6 39. Bd7 Ne5 40. Bc8 Nf3+ 41. Kg3 Nd2 42. Bb7 Nf1+ 43. Kh4 Rf4+ 44. g4 g5+ 45. Kh5 Kg7 0-1

[Event "Helsinki We HSK 130v A"]
[Site "Helsinki"]
[Date "2016.05.13"]
[Round "1"]
[White "Joentakanen, Kullervo"]
[Black "Penttila, Tero"]
[Result "0-1"]
[WhiteElo "2167"]
[BlackElo "1994"]
[PlyCount "56"]
[EventDate "2016.05.13"]
[EventType "swiss"]
[EventRounds "5"]
[EventCountry "FIN"]
[SourceTitle "EXT 2022"]
[Source "ChessBase"]
[SourceDate "2021.10.06"]
[SourceVersion "1"]
[SourceVersionDate "2021.10.06"]
[SourceQuality "1"]

1. d4 e6 2. c4 Nf6 3. Nc3 Bb4 4. e3 0-0 5. Nge2 d5 6. a3 Bxc3+ 7. Nxc3 Nbd7 8. cxd5 exd5 9. Bd3 c6 10. 0-0 Re8 11. Bc2 Nf8 12. f3 Ne6 13. b3 b6 14. Bb2 c5 15. dxc5 bxc5 16. Ne2 Ba6 17. Re1 d4 18. exd4 Bxe2 19. Rxe2 Nxd4 20. Rd2 Qb6 21. Bxd4 cxd4 22. Kh1 Rad8 23. b4 Nh5 24. Be4 Qh6 25. Bd3 Re6 26. Kg1 Qe3+ 27. Kf1 Ng3+ 28. hxg3 Rh6 0-1

[Event "Helsinki We HSK 05 op"]
[Site "Helsinki"]
[Date "2015.05.23"]
[Round "2"]
[White "Elomaa, Arto"]
[Black "Penttila, Tero"]
[Result "1-0"]
[WhiteElo "2143"]
[BlackElo "1966"]
[PlyCount "41"]
[EventDate "2015.05.22"]
[EventType "swiss"]
[EventRounds "5"]
[EventCountry "FIN"]
[SourceTitle "EXT 2016"]
[Source "ChessBase"]
[SourceDate "2015.10.08"]
[SourceVersion "1"]
[SourceVersionDate "2015.10.08"]
[SourceQuality "1"]

1. e4 e6 2. d4 d5 3. Nc3 Nf6 4. e5 Nfd7 5. Nf3 c5 6. dxc5 Bxc5 7. Bd3 Nc6 8. Qe2 Nd4 9. Nxd4 Bxd4 10. f4 a6 11. Be3 Bxe3 12. Qxe3 Qc7 13. 0-0-0 b5 14. Ne2 Nc5 15. Nd4 Nxd3+ 16. Rxd3 Bd7 17. f5 b4 18. Kb1 0-0 19. f6 gxf6 20. exf6 Kh8 21. Qh6 1-0

[Event "Helsinki We HSK 05 op"]
[Site "Helsinki"]
[Date "2015.05.22"]
[Round "1"]
[White "Penttila, Tero"]
[Black "Tumanov, Dmitri"]
[Result "1/2-1/2"]
[WhiteElo "1966"]
[BlackElo "2177"]
[PlyCount "45"]
[EventDate "2015.05.22"]
[EventType "swiss"]
[EventRounds "5"]
[EventCountry "FIN"]
[SourceTitle "EXT 2016"]
[Source "ChessBase"]
[SourceDate "2015.10.08"]
[SourceVersion "1"]
[SourceVersionDate "2015.10.08"]
[SourceQuality "1"]

1. e4 d6 2. d4 g6 3. Nc3 Bg7 4. Be3 c6 5. Qd2 b5 6. f3 a6 7. Nce2 Nd7 8. c3 Bb7 9. g4 e5 10. Ng3 d5 11. N1e2 Ne7 12. h4 Qc7 13. h5 c5 14. h6 Bf8 15. Bg2 f6 16. g5 f5 17. exf5 Nxf5 18. Nxf5 gxf5 19. f4 cxd4 20. cxd4 e4 21. Rc1 Qd8 22. Bh3 Nb6 23. b3 1/2-1/2

[Event "Heart of Finland op 23rd"]
[Site "Jyvaskyla"]
[Date "2013.07.14"]
[Round "9"]
[White "Alho, Sauli"]
[Black "Penttila, Tero"]
[Result "0-1"]
[WhiteElo "2152"]
[BlackElo "1987"]
[PlyCount "112"]
[EventDate "2013.07.08"]
[EventType "swiss"]
[EventRounds "9"]
[EventCountry "FIN"]
[SourceTitle "EXT 2022"]
[Source "ChessBase"]
[SourceDate "2021.10.06"]
[SourceVersion "1"]
[SourceVersionDate "2021.10.06"]
[SourceQuality "1"]

1. e4 e6 2. b3 d5 3. Bb2 Nf6 4. exd5 exd5 5. Nf3 Be7 6. d4 Bg4 7. h3 Bh5 8. g4 Bg6 9. Ne5 Ne4 10. Bd3 Nd7 11. Nxg6 hxg6 12. Bxe4 dxe4 13. Qe2 f5 14. Nd2 Nf6 15. 0-0-0 c6 16. f3 Qa5 17. fxe4 0-0-0 18. exf5 Bb4 19. Qe6+ Rd7 20. Nc4 Qxa2 21. fxg6 Re8 22. Qf5 Re2 23. Qf3 Rde7 24. Ne5 Ba3 25. Qxe2 Qxb2+ 26. Kd2 Qxd4+ 27. Ke1 Qxe5 28. Qxe5 Rxe5+ 29. Kf2 Bc5+ 30. Kf3 Re3+ 31. Kf4 Nd5+ 32. Kf5 Rf3+ 33. Ke5 Kc7 34. Rxd5 Re3+ 35. Kf4 cxd5 36. h4 Kd6 37. h5 Re4+ 38. Kf3 Be3 39. c4 Bg5 40. cxd5 Kxd5 41. Ra1 Re3+ 42. Kf2 Rxb3 43. Kg2 a6 44. Rf1 Ke6 45. Rf7 Bf6 46. g5 Be5 47. h6 gxh6 48. gxh6 Rg3+ 49. Kf2 Rxg6 50. Rxb7 Bd4+ 51. Kf3 Rxh6 52. Ke4 Rh4+ 53. Kd3 Bc5 54. Kc3 Kd5 55. Kb3 Rh3+ 56. Kb2 Kc4 0-1

[Event "Heart of Finland op 23rd"]
[Site "Jyvaskyla"]
[Date "2013.07.10"]
[Round "4"]
[White "Penttila, Tero"]
[Black "Tocklin, Tomi"]
[Result "1-0"]
[WhiteElo "1987"]
[BlackElo "1826"]
[PlyCount "45"]
[EventDate "2013.07.08"]
[EventType "swiss"]
[EventRounds "9"]
[EventCountry "FIN"]
[SourceTitle "EXT 2022"]
[Source "ChessBase"]
[SourceDate "2021.10.06"]
[SourceVersion "1"]
[SourceVersionDate "2021.10.06"]
[SourceQuality "1"]

1. e4 c6 2. d4 d5 3. f3 g6 4. Nc3 Bg7 5. Be3 Nf6 6. e5 Ng8 7. Qd2 e6 8. 0-0-0 Nd7 9. g4 b5 10. f4 b4 11. Nce2 a5 12. Nf3 Nb6 13. Ng3 Nc4 14. Bxc4 dxc4 15. Ne4 Bf8 16. f5 Qd5 17. fxg6 hxg6 18. Nfg5 c3 19. Qf2 Qxa2 20. Qxf7+ Kd8 21. Qxf8+ Kc7 22. Qd6+ Kb6 23. d5+ 1-0

[Event "Helsinki We Garde 2nd Group A"]
[Site "Helsinki"]
[Date "2012.08.28"]
[Round "4"]
[White "Korhonen, Aki"]
[Black "Penttila, Tero"]
[Result "1/2-1/2"]
[WhiteElo "2067"]
[BlackElo "2007"]
[PlyCount "56"]
[EventDate "2012.08.26"]
[EventType "swiss"]
[EventRounds "5"]
[EventCountry "FIN"]
[SourceTitle "EXT 2022"]
[Source "ChessBase"]
[SourceDate "2021.10.06"]
[SourceVersion "1"]
[SourceVersionDate "2021.10.06"]
[SourceQuality "1"]

1. c4 e5 2. g3 Nf6 3. Bg2 d5 4. cxd5 Nxd5 5. Nc3 Nb6 6. Nf3 Nc6 7. 0-0 Be7 8. a3 0-0 9. b4 Be6 10. Rb1 f6 11. d3 a5 12. b5 Nd4 13. Nd2 c6 14. bxc6 bxc6 15. e3 Nf5 16. Qc2 Nd5 17. Nce4 Ndxe3 18. fxe3 Nxe3 19. Qxc6 Bd5 20. Nxf6+ gxf6 21. Bxd5+ Qxd5 22. Qxd5+ Nxd5 23. Nc4 Nc3 24. Rb7 Ne2+ 25. Kg2 Nxc1 26. Rxc1 Rfe8 27. Ne3 Rab8 28. Ra7 Ra8 1/2-1/2

[Event "Helsinki We Garde 2nd Group A"]
[Site "Helsinki"]
[Date "2012.08.27"]
[Round "3"]
[White "Penttila, Tero"]
[Black "Elomaa, Arto"]
[Result "0-1"]
[WhiteElo "2007"]
[BlackElo "1990"]
[PlyCount "154"]
[EventDate "2012.08.26"]
[EventType "swiss"]
[EventRounds "5"]
[EventCountry "FIN"]
[SourceTitle "EXT 2022"]
[Source "ChessBase"]
[SourceDate "2021.10.06"]
[SourceVersion "1"]
[SourceVersionDate "2021.10.06"]
[SourceQuality "1"]

1. e4 e5 2. Nf3 Nf6 3. Nxe5 d6 4. Nf3 Nxe4 5. Nc3 Nxc3 6. dxc3 Nc6 7. Be3 Be7 8. Qd2 Bf5 9. 0-0-0 Qd7 10. h4 0-0-0 11. Kb1 Rhe8 12. Nd4 Be6 13. b3 a6 14. Be2 Bf6 15. Bg5 Nxd4 16. cxd4 Qe7 17. Bd3 h6 18. Bxf6 Qxf6 19. c3 Bf5 20. f3 Re6 21. Bxf5 Qxf5+ 22. Kb2 Rde8 23. Rde1 Qg6 24. g4 b5 25. d5 Re5 26. Rxe5 Rxe5 27. Re1 Qf6 28. Rxe5 dxe5 29. Qd3 Kd7 30. h5 g6 31. Qe4 gxh5 32. gxh5 Qg5 33. Qg4+ Qxg4 34. fxg4 f6 35. c4 Kd6 36. Kc3 Kc5 37. b4+ Kd6 38. Kd3 c6 39. cxb5 axb5 40. dxc6 Kxc6 41. Ke4 Kd6 42. Kf5 Ke7 43. Ke4 Ke6 44. a3 Kd6 45. Kf5 Ke7 46. Ke4 Ke6 47. Ke3 f5 48. gxf5+ Kxf5 49. Kf3 Kg5 50. a4 bxa4 51. b5 a3 52. b6 a2 53. b7 a1Q 54. b8Q Qf1+ 55. Ke3 Qf4+ 56. Ke2 Kxh5 57. Qe8+ Kh4 58. Qc6 h5 59. Qh1+ Kg5 60. Qd5 Kg4 61. Qg2+ Qg3 62. Qe4+ Kh3 63. Qh7 h4 64. Kf1 Qf3+ 65. Ke1 e4 66. Qh6 Qg4 67. Kf1 Kh2 68. Qh7 h3 69. Qh6 Kh1 70. Ke1 h2 71. Kf2 Qf3+ 72. Ke1 Kg2 73. Qd2+ Kg1 74. Qg5+ Kh1 75. Qh6 Qg3+ 76. Kf1 Qd3+ 77. Ke1 Kg2 0-1

[Event "Helsinki We EtVaS"]
[Site "Helsinki"]
[Date "2012.??.??"]
[Round "2"]
[White "Alkkiomaki, Jyrki"]
[Black "Penttila, Tero"]
[Result "1/2-1/2"]
[WhiteElo "2038"]
[BlackElo "2007"]
[PlyCount "24"]
[EventDate "2012.??.??"]
[EventType "swiss"]
[EventRounds "5"]
[EventCountry "FIN"]
[SourceTitle "EXT 2022"]
[Source "ChessBase"]
[SourceDate "2021.10.06"]
[SourceVersion "1"]
[SourceVersionDate "2021.10.06"]
[SourceQuality "1"]

1. e4 e6 2. d4 d5 3. Nc3 Nf6 4. Bg5 dxe4 5. Nxe4 Be7 6. Nxf6+ Bxf6 7. Bxf6 Qxf6 8. Nf3 0-0 9. Bd3 Nd7 10. 0-0 e5 11. dxe5 Nxe5 12. Nxe5 Qxe5 1/2-1/2

[Event "Helsinki We EtVaS"]
[Site "Helsinki"]
[Date "2012.??.??"]
[Round "4"]
[White "Koskinen, Veikko"]
[Black "Penttila, Tero"]
[Result "0-1"]
[WhiteElo "1980"]
[BlackElo "2007"]
[PlyCount "64"]
[EventDate "2012.??.??"]
[EventType "swiss"]
[EventRounds "5"]
[EventCountry "FIN"]
[SourceTitle "EXT 2022"]
[Source "ChessBase"]
[SourceDate "2021.10.06"]
[SourceVersion "1"]
[SourceVersionDate "2021.10.06"]
[SourceQuality "1"]

1. Nf3 Nf6 2. g3 d5 3. Bg2 e6 4. 0-0 c5 5. d3 Nc6 6. Nbd2 Be7 7. e4 0-0 8. e5 Nd7 9. Re1 Qc7 10. Qe2 b5 11. Nf1 b4 12. Bf4 a5 13. h4 Nb6 14. N1h2 Na4 15. Rab1 Ba6 16. Ng4 Qb6 17. Be3 Qc7 18. Bf4 c4 19. Qd2 Nxb2 20. Bf1 Na4 21. Nf6+ Kh8 22. Nh5 Qa7 23. d4 Nc3 24. Ra1 Ne4 25. Qe3 a4 26. g4 c3 27. Bd3 Bxd3 28. cxd3 Nd2 29. Nxd2 cxd2 30. Qxd2 Qxd4 31. Rac1 Rac8 32. Be3 Qxg4+ 0-1

[Event "Helsinki We EtVaS"]
[Site "Helsinki"]
[Date "2012.??.??"]
[Round "1"]
[White "Penttila, Tero"]
[Black "Lonnqvist, Henrik"]
[Result "0-1"]
[WhiteElo "2007"]
[BlackElo "2091"]
[PlyCount "94"]
[EventDate "2012.??.??"]
[EventType "swiss"]
[EventRounds "5"]
[EventCountry "FIN"]
[SourceTitle "EXT 2022"]
[Source "ChessBase"]
[SourceDate "2021.10.06"]
[SourceVersion "1"]
[SourceVersionDate "2021.10.06"]
[SourceQuality "1"]

1. e4 c5 2. b4 cxb4 3. Nf3 Nc6 4. d4 e6 5. Bd3 d5 6. 0-0 dxe4 7. Bxe4 Nf6 8. Bd3 Be7 9. a3 bxa3 10. Nxa3 0-0 11. c3 b6 12. Nc4 Bb7 13. Qe2 Qd5 14. Rd1 Rfd8 15. Nce5 Nxe5 16. Qxe5 Qc6 17. c4 Bd6 18. Qe2 Ng4 19. h3 Nf6 20. Bg5 Kh8 21. Bxf6 gxf6 22. d5 exd5 23. Nd4 Qe8 24. Qh5 Qg8 25. cxd5 Bxd5 26. g4 Bc5 27. Bf5 a6 28. Rab1 b5 29. Nc2 Bf3 30. Rxd8 Rxd8 31. Ne3 Bd4 32. Re1 b4 33. Ng2 Be5 34. Ne3 a5 35. Nc4 Bc3 36. Re7 Bd5 37. Nd6 Rf8 38. Bxh7 Qxh7 39. Qxd5 Qxh3 40. Nxf7+ Rxf7 41. Rxf7 Qxg4+ 42. Kh1 Qh4+ 43. Kg2 Qg5+ 44. Qxg5 fxg5 45. Ra7 b3 46. Kf1 b2 47. Rb7 Bb4 0-1

[Event "Helsinki We EtVaS"]
[Site "Helsinki"]
[Date "2012.??.??"]
[Round "3"]
[White "Penttila, Tero"]
[Black "Patola, Eero"]
[Result "1-0"]
[WhiteElo "2007"]
[BlackElo "1934"]
[PlyCount "97"]
[EventDate "2012.??.??"]
[EventType "swiss"]
[EventRounds "5"]
[EventCountry "FIN"]
[SourceTitle "EXT 2022"]
[Source "ChessBase"]
[SourceDate "2021.10.06"]
[SourceVersion "1"]
[SourceVersionDate "2021.10.06"]
[SourceQuality "1"]

1. e4 d5 2. exd5 Qxd5 3. Nc3 Qa5 4. d4 c6 5. Nf3 Nf6 6. Bc4 Bg4 7. h3 Bh5 8. g4 Bg6 9. Bd2 Qc7 10. Ne5 e6 11. Nxg6 hxg6 12. Qe2 Bb4 13. 0-0-0 Bxc3 14. Bxc3 Nd5 15. Bd2 Nd7 16. Bb3 a5 17. c4 Nf4 18. Qf3 g5 19. h4 f6 20. hxg5 Rxh1 21. Rxh1 fxg5 22. Rh8+ Nf8 23. Kb1 0-0-0 24. d5 exd5 25. cxd5 N8g6 26. Rxd8+ Kxd8 27. dxc6 bxc6 28. Qc3 c5 29. Qc4 Kc8 30. Qa6+ Kd7 31. Bxa5 Qc6 32. Qf1 Ne5 33. Qd1+ Qd6 34. Qxd6+ Kxd6 35. Bd8 Nh3 36. a4 Nc6 37. Bb6 Nxf2 38. a5 Nxa5 39. Bxa5 Nxg4 40. Bd2 Ne5 41. Bxg5 c4 42. Bc2 Kd5 43. Bd2 Nf3 44. Bc3 g5 45. Bd1 Ke4 46. Bxf3+ Kxf3 47. Kc2 Ke4 48. Bf6 g4 49. Kc3 1-0

[Event "Helsinki We EtVaS"]
[Site "Helsinki"]
[Date "2012.??.??"]
[Round "5"]
[White "Penttila, Tero"]
[Black "Vetelaeinen, Tomi"]
[Result "1/2-1/2"]
[WhiteElo "2007"]
[BlackElo "2055"]
[PlyCount "52"]
[EventDate "2012.??.??"]
[EventType "swiss"]
[EventRounds "5"]
[EventCountry "FIN"]
[SourceTitle "EXT 2022"]
[Source "ChessBase"]
[SourceDate "2021.10.06"]
[SourceVersion "1"]
[SourceVersionDate "2021.10.06"]
[SourceQuality "1"]

1. e4 e5 2. Nf3 Nc6 3. Bb5 Nf6 4. d3 d6 5. h3 Be7 6. Be3 Bd7 7. c3 0-0 8. 0-0 a6 9. Ba4 Na5 10. Bc2 c5 11. d4 cxd4 12. cxd4 Nc4 13. Bc1 Qc7 14. b3 Na5 15. Bb2 Nc6 16. a3 Rac8 17. Nc3 Rfe8 18. Rc1 Qd8 19. Ne2 Bf8 20. Ng3 g6 21. Qd2 Qe7 22. Rfe1 Bg7 23. b4 Qf8 24. Rcd1 Bh6 25. Qe2 b5 26. Bb3 Rc7 1/2-1/2

[Event "Helsinki We Garde 9th Group A"]
[Site "Helsinki"]
[Date "2011.11.??"]
[Round "5"]
[White "Penttila, Tero"]
[Black "Ertbjerg, Per"]
[Result "0-1"]
[WhiteElo "2045"]
[BlackElo "1980"]
[PlyCount "54"]
[EventDate "2011.11.09"]
[EventType "swiss"]
[EventRounds "5"]
[EventCountry "FIN"]
[SourceTitle "EXT 2022"]
[Source "ChessBase"]
[SourceDate "2021.10.06"]
[SourceVersion "1"]
[SourceVersionDate "2021.10.06"]
[SourceQuality "1"]

1. e4 c5 2. Nf3 Nc6 3. Nc3 Nf6 4. d4 cxd4 5. Nxd4 d6 6. Bg5 e6 7. Qd2 Be7 8. 0-0-0 0-0 9. f3 a6 10. Be3 Qc7 11. g4 b5 12. h4 b4 13. Nce2 Bb7 14. Kb1 Nd7 15. g5 Nde5 16. b3 Rfc8 17. h5 a5 18. Bh3 a4 19. g6 axb3 20. cxb3 Nxd4 21. gxf7+ Kh8 22. Nxd4 Nxf3 23. Qd3 Ne5 24. h6 g6 25. Nxe6 Qa5 26. Rh2 Nxd3 27. Rxd3 Bf6 0-1

[Event "Heart of Finland op 21st"]
[Site "Jyvaskyla"]
[Date "2011.07.16"]
[Round "8"]
[White "Tiitta, Sauli"]
[Black "Penttila, Tero"]
[Result "1-0"]
[WhiteElo "2176"]
[BlackElo "2046"]
[PlyCount "49"]
[EventDate "2011.07.11"]
[EventType "swiss"]
[EventRounds "9"]
[EventCountry "FIN"]
[SourceTitle "EXT 2022"]
[Source "ChessBase"]
[SourceDate "2021.10.06"]
[SourceVersion "1"]
[SourceVersionDate "2021.10.06"]
[SourceQuality "1"]

1. c4 e5 2. g3 Nf6 3. Bg2 d5 4. cxd5 Nxd5 5. Nf3 Nc6 6. 0-0 Be7 7. d4 exd4 8. Nxd4 Nxd4 9. Qxd4 Nf6 10. Qa4+ c6 11. Rd1 Qb6 12. Be3 Bc5 13. Bxc5 Qxc5 14. b4 Qb6 15. Na3 Be6 16. b5 0-0 17. bxc6 bxc6 18. Nc4 Qc7 19. Na5 Nd5 20. Rac1 Rad8 21. Nxc6 Nb6 22. Nxd8 Qxc1 23. Rxc1 Nxa4 24. Nxe6 fxe6 25. Rc6 1-0